000 00997nam0a22002531 4500
001 rc\4519777
005 20250612105445.0
021 _aRU
_b[65-51525]
035 _a(NLR Aleph) 008624449
090 _a8843702
_c8843702
100 _a20130416d1965 |||y0rusy50 ca
101 0 _arus
102 _aRU
105 _ay z |||||
200 1 _aТезисы докладов III научной конференции стоматологов Киевской области
_fКиевский обл. отд. здравоохранения. Науч. о-во стоматологов г. Киева и области
210 _aКиев
_cБ. и.
_d1965
215 _a116 с.
_d20
606 _aСтоматология
_jТезисы докладов
_2psbo
710 1 2 _aКиевская обл. научная конференция стоматологов (3; 1965; Киев)
801 0 _aRU
_bNLR
_gpsbo
801 1 _aRU
_bELAR
_2rusmarc
852 _aNLR
_j65-3/3505
942 _cBOOK
980 _aNB